000 00869nam a22001937a 4500
999 _c217438
_d217438
008 201130b ||||| |||| 00| 0 eng d
040 _bger
_cDE-2950
_erda
_aDE-2950
041 _ager
100 _aEberhard, Hans:
245 _aKaderschmiede mit bewegter Vergangenheit.
_bSportgeschichte: Vor 50 Jahren gab es den ersten Spatenstich für das Sportzentrum Frankfurt (Oder) - damals für den Armeesportklub. Heute ist die große Anlage mitsamt Sportschule ein moderner Olympiastützpunkt /
_cHans Eberhard
653 _aFrankfurt (Oder)
653 _aSportzentrum Stendaler Straße
653 _aOlympiastützpunkt
773 _dFrankfurt (Oder): Märkisches Verlags- und Druckhaus GmbH & Co KG
_g32. Jahrgang (2021) Nr. 141 vom 21.06.2021, S.13: Foto
_tMärkische Oderzeitung
942 _cA